MANUAL OF SURGERY (Record no. 1712)

MARC details
000 -LEADER
fixed length control field 00337nam a2200145Ia 4500
008 - FIXED-LENGTH DATA ELEMENTS--GENERAL INFORMATION
fixed length control field 150201s2013 xx 000 0 und d
082 ## - DEWEY DECIMAL CLASSIFICATION NUMBER
Classification number 617
Item number M13B
100 ## - MAIN ENTRY--PERSONAL NAME
Personal name BHAT, M. SRIRAM
245 ## - TITLE STATEMENT
Title MANUAL OF SURGERY
250 ## - EDITION STATEMENT
Edition statement 4TH
260 ## - PUBLICATION, DISTRIBUTION, ETC. (IMPRINT)
Name of publisher, distributor, etc. JAYPEE
Place of publication, distribution, etc. DELHI
Date of publication, distribution, etc. 2013
300 ## - PHYSICAL DESCRIPTION
Extent 1-1336
650 ## - SUBJECT ADDED ENTRY--TOPICAL TERM
Topical term or geographic name as entry element GENERAL SURGERY
942 ## - ADDED ENTRY ELEMENTS (KOHA)
Source of classification or shelving scheme Dewey Decimal Classification
Koha item type Books
Koha issues (borrowed), all copies 45
Holdings
Withdrawn status Lost status Source of classification or shelving scheme Damaged status Not for loan Collection code Home library Current library Shelving location Date acquired Source of acquisition Cost, normal purchase price SGTU Bill Number Total Checkouts Total Renewals Full call number Barcode Date last seen Date last checked out Bill Date Koha item type
    Dewey Decimal Classification     MEDICAL SGT Medical Library SGT Medical Library Text Book 23/01/2014 ABC DELHI 1095.00 SGTU 4209 25 1 617 M13B FM5946 07/12/2024 02/12/2024 17/02/2014 Books
    Dewey Decimal Classification     MEDICAL SGT Medical Library SGT Medical Library Text Book 23/01/2014 ABC DELHI 1095.00 SGTU 4209 21   617 M13B FM5947 10/04/2026 10/04/2026 17/02/2014 Books
    Dewey Decimal Classification     MEDICAL SGT Medical Library SGT Medical Library Text Book 23/01/2014 ABC DELHI 1095.00 SGTU 4209 37   617 M13B FM5948 17/04/2026 03/04/2026 17/02/2014 Books
    Dewey Decimal Classification     MEDICAL SGT Medical Library SGT Medical Library Text Book 23/01/2014 ABC DELHI 1095.00 SGTU 4209     617 M13B FM5949 09/02/2015   17/02/2014 Books
    Dewey Decimal Classification     MEDICAL SGT Medical Library SGT Medical Library Text Book 23/01/2014 ABC DELHI 1095.00 SGTU 4209 29   617 M13B FM5950 19/01/2026 11/12/2025 17/02/2014 Books